Statistics for Indian Foods

Click here to take the quiz!

General Stats

  • This quiz has been taken 23 times
  • The average score is 20 of 30

Answer Stats

DescriptionAnswer% Correct
Sweetened black tea with milk that is infused with various aromatic herbs; this word translates from Hindi to 'tea'{Chai} tea
100%
Oven-baked flatbread enjoyed with curriesNaan
95%
India is the top exporter of this fragrant, long-grain riceBasmati
90%
Chicken curry whose name refers to the creaminess of its sauce{Butter} chicken
90%
Term for a spice mixMasala
90%
Wheat flour flatbread typically cooked on a tawa or pan that is enjoyed with vegetable dishes or curriesRoti
90%
Dish comprising rice mixed with meat and spices; one of India's most popular dishes globallyBiryani
86%
Non-melting cheese that can be used as a substitute for meat in curries and other dishesPaneer
86%
Deep-fried, typically triangular pastries with various savoury fillingsSamosas
86%
Staple lentil soupDal
81%
Clarified butterGhee
81%
Yoghurt-based drink of Punjab originLassi
81%
Chicken pieces that have been marinated in a spiced yoghurt sauce and baked on a skewerChicken {tikka}
71%
Dessert of fried dough balls steeped in a rose and saffron syrupGulab jamun
71%
Frozen milk dessert similar to ice creamKulfi
71%
Name for an Indian clay oven used to cook several dishes, such as no. 1Tandoor
71%
Thin and crispy savoury crepeDosa
67%
Meaning of the word 'aloo', a feature in the names of many Indian dishesPotato
67%
General term for a vegetable and/or meat fritterBhaji/pakora
62%
Sweet snack of crispy, fried swirls coated in a sugar syrupJalebi
62%
Hollow, deep fried sphere with a vegetable filling that is served with flavoured waterPanipuri
57%
One such example of a dip eaten with the above. It is a fruit/vegetable dip preserved with vinegar and spicesChutney
52%
Sweet South Asian rice pudding sometimes served with dried fruits and/or nutsKheer
52%
Orange spice responsible for the staining effect of curriesTurmeric
52%
Steamed savoury dumplings of Tibetan/Nepali origin that are typically served with a pickle sauceMomos
43%
Tamil vegetable stew cooked in a tamarind brothSambar
43%
Spice native to India that is used to flavour both sweet and savoury dishes. It comes in green seed podsCardamom
38%
Goan curry renowned for its spicinessVindaloo
38%
Crunchy, circular appetisers that are often complemented with various dipsPapadams
33%
Spiced drink with a carbonated citrus drink base that translates from Hindi to 'cumin water'Jal-jeera
5%

Score Distribution

Percentile by Number Answered

Percent of People with Each Score

Your Score History

You have not taken this quiz